[Event "Slav 1"]
[Site "SchemingMind.com"]
[Date "2019.03.04"]
[Round "-"]
[White "Wojtek26"]
[Black "mochiron"]
[Result "1-0"]
[WhiteCountry "POL"]
[BlackCountry "JPN"]
[WhiteElo "1636"]
[WhiteRD "70"]
[BlackElo "1502"]
[BlackRD "76"]
[GameID "438897"]

1. d4 d5 2. c4 c6 3. e3 Nf6 4. Nf3 e6 5. Be2 Ne4 6. Nbd2 Bb4 7. a3 Bxd2+ 8. Bxd2 O-O 9. c5 Nd7 10. O-O Nxd2
11. Qxd2 f5 12. b4 Nf6 13. Bd3 Ne4 14. Bxe4 dxe4 15. Ne1 b6 16. f3 exf3 17. Nxf3 bxc5 18. bxc5 Ba6 19. Rf2 Rb8 20. Ne5 Rf6
21. Nxc6 Qc7 22. Nxb8 Qxb8 23. Rc1 Rh6 24. g3 Qc7 25. Qb2 e5 26. dxe5 Bb7 27. Qb3+ Kf8 28. Rb2 Qc6 29. Qxb7 Qxb7 30. Rxb7 Re6
31. c6 Rxe5 32. c7 Re8 33. c8=Q
1-0

[Event "Slav 1"]
[Site "SchemingMind.com"]
[Date "2019.03.03"]
[Round "-"]
[White "The Stonewall"]
[Black "Wojtek26"]
[Result "1-0"]
[WhiteCountry "ENG"]
[BlackCountry "POL"]
[WhiteElo "2336"]
[WhiteRD "81"]
[BlackElo "1626"]
[BlackRD "75"]
[GameID "438898"]

1. d4 d5 2. c4 c6 3. Qc2 g6 4. Nf3 Bf5 5. Qb3 Qc7 6. cxd5 Bg7 7. Nc3 Nd7 8. e4 Bg4 9. Ng5 Qb6 10. dxc6 Qxb3
11. cxd7+ Kxd7 12. axb3 Bxd4 13. Nxf7 Bxc3+ 14. bxc3 Nf6 15. Nxh8 Rxh8 16. Rxa7 Kc6 17. Bc4 Nxe4 18. f3
1-0

[Event "Slav 1"]
[Site "SchemingMind.com"]
[Date "2019.03.02"]
[Round "-"]
[White "Wojtek26"]
[Black "The Stonewall"]
[Result "0-1"]
[WhiteCountry "POL"]
[BlackCountry "ENG"]
[WhiteElo "1649"]
[WhiteRD "74"]
[BlackElo "2343"]
[BlackRD "79"]
[GameID "438899"]

1. d4 d5 2. c4 c6 3. e3 Nf6 4. Nf3 Bf5 5. Nbd2 e6 6. Be2 Nbd7 7. a3 Bd6 8. c5 Bc7 9. b4 O-O 10. O-O Re8
11. Bb2 Qe7 12. h3 Ne4 13. Nxe4 dxe4 14. Nd2 Qg5 15. Kh1 Qh4 16. Bg4 Nf6 17. Bxf5 exf5 18. d5 Nxd5 19. f3 Nxe3 20. Qe2 Qf4
21. g4 Nxf1 22. Rxf1 exf3 23. Qf2 Re2
0-1

[Event "Slav 1"]
[Site "SchemingMind.com"]
[Date "2019.03.01"]
[Round "-"]
[White "Chessibelle"]
[Black "Wojtek26"]
[Result "0-1"]
[WhiteCountry "ENG"]
[BlackCountry "POL"]
[WhiteElo "1229"]
[WhiteRD "60"]
[BlackElo "1626"]
[BlackRD "75"]
[GameID "438900"]

1. d4 d5 2. c4 c6 3. e3 e6 4. Bd2 Nf6 5. f3 Qc7 6. Bc3 Nbd7 7. Nd2 Be7 8. Ne2 a6 9. h3 O-O 10. g4 b5
11. b3 dxc4 12. Bg2 cxb3 13. Nxb3 Nd5 14. Ba5 Qg3+ 15. Nxg3 Bh4 16. Kf2 f5 17. f4 N7f6 18. Re1 Ne4+ 19. Kf3 Bxg3 20. Re2 Bh4
21. Qc2 Ng3 22. Rd2 fxg4+ 23. Kxg4 Nxe3+ 24. Kxh4 Nxc2 25. Rxc2 Nf5+ 26. Kg4 Ne3+
0-1

[Event "Slav 1"]
[Site "SchemingMind.com"]
[Date "2019.03.01"]
[Round "-"]
[White "Wojtek26"]
[Black "Chessibelle"]
[Result "1-0"]
[WhiteCountry "POL"]
[BlackCountry "ENG"]
[WhiteElo "1649"]
[WhiteRD "74"]
[BlackElo "1194"]
[BlackRD "59"]
[GameID "438901"]

1. d4 d5 2. c4 c6 3. e3 g6 4. Nf3 Bg7 5. Be2 e6 6. O-O Ne7 7. Nbd2 O-O 8. a3 b6 9. b4 Nf5 10. Bb2 Nd7
11. Bd3 Bf6 12. c5 Bg7 13. Qc2 Nf6 14. Ne5 Qe8 15. h3 Nh4 16. Ndf3 Nf5 17. Rab1 Qe7 18. Nxc6 Qc7 19. Nce5 Bb7 20. Rfc1 Rac8
21. Ng5 Bh6 22. Bxf5 exf5 23. Nexf7 Bg7 24. Nd6 Rb8 25. Ne6 Qe7 26. Nxf8 Qxf8 27. Nxb7 Rxb7 28. cxb6 axb6 29. Qc6 Re7 30. Qxb6 Qf7
31. Rc8+ Ne8 32. Rbc1 Bf6 33. R1c6 Qg7 34. Rxf6 Kh8 35. Re6 Qf7 36. Rxe7
1-0

[Event "Slav 1"]
[Site "SchemingMind.com"]
[Date "2019.03.01"]
[Round "-"]
[White "Wojtek26"]
[Black "Henk Miedema"]
[Result "1-0"]
[WhiteCountry "POL"]
[BlackCountry "NED"]
[WhiteElo "1649"]
[WhiteRD "74"]
[BlackElo "930"]
[BlackRD "75"]
[GameID "438902"]

1. d4 d5 2. c4 c6 3. e3 e6 4. Nf3 Na6 5. Be2 Bb4+ 6. Bd2 Nf6 7. a3 Ba5 8. b4 Bc7 9. c5 O-O 10. O-O Ng4
11. h3 Nf6 12. Bd3 Bd7 13. Qc2 Qb8 14. Ng5 h6 15. Nf3 Bd8 16. Ne5 Bc8 17. f4 Bc7 18. Bxa6 bxa6 19. Nxc6 Qb7 20. Ne7+ Kh8
21. Nxc8 Raxc8 22. Rf3 a5= 23. bxa5 Nh5= 24. g4 Nf6 25. Nc3 Bxa5 26. Rb1 Qa6 27. Rb3 Qc4 28. Qb1 Bxc3 29. Rxc3 Qe2 30. Rf2 Qa6
31. Rb3 Nd7 32. Be1 Rb8 33. Rfb2 Nf6 34. Rxb8 Rg8 35. Rxg8+ Nxg8 36. Rb7 Qe2 37. Rxf7 Qxe3+ 38. Bf2 Qxh3 39. Qg6 Qxa3 40. Qxg7#
1-0

[Event "Slav 1"]
[Site "SchemingMind.com"]
[Date "2019.03.01"]
[Round "-"]
[White "Henk Miedema"]
[Black "Wojtek26"]
[Result "0-1"]
[WhiteCountry "NED"]
[BlackCountry "POL"]
[WhiteElo "961"]
[WhiteRD "73"]
[BlackElo "1626"]
[BlackRD "75"]
[GameID "438903"]

1. d4 d5 2. c4 c6 3. e3 e6 4. a3 Nd7 5. c5 Ngf6 6. Nf3 b6 7. a4 bxc5 8. b3 cxd4 9. Bd2 dxe3 10. Bxe3 Bb4+
11. Nfd2 Ne5 12. Be2 O-O 13. O-O h6 14. Qc2 Bd7 15. f4 Ng6 16. Bd3 Ng4 17. Bd4 Be8 18. Qb2= Qh4 19. Bxg7 Qxh2#
0-1

[Event "Slav 1"]
[Site "SchemingMind.com"]
[Date "2019.03.02"]
[Round "-"]
[White "Wojtek26"]
[Black "Whiteravenx"]
[Result "0-1"]
[WhiteCountry "POL"]
[BlackCountry "USA"]
[WhiteElo "1649"]
[WhiteRD "74"]
[BlackElo "2027"]
[BlackRD "144"]
[GameID "438904"]

1. d4 d5 2. c4 c6 3. e3 Nf6 4. Nf3 Bf5 5. Nbd2 e6 6. a3 h6 7. Be2 Nbd7 8. c5 a5 9. O-O Be7 10. Nh4 Bh7
11. b3 Ne4
0-1

[Event "Slav 1"]
[Site "SchemingMind.com"]
[Date "2019.03.02"]
[Round "-"]
[White "Whiteravenx"]
[Black "Wojtek26"]
[Result "1-0"]
[WhiteCountry "USA"]
[BlackCountry "POL"]
[WhiteElo "2027"]
[WhiteRD "144"]
[BlackElo "1649"]
[BlackRD "74"]
[GameID "438905"]

1. d4 d5 2. c4 c6 3. Nf3 Nf6 4. Nc3 e6 5. e3 c5 6. cxd5 Nxd5 7. Bd2 Nd7 8. Nxd5 exd5 9. Qb3 c4 10. Qb5 Qb6
11. Qxd5
1-0